| 000 | 00846nam a22002057a 4500 | ||
|---|---|---|---|
| 999 |
_c15806 _d15806 |
||
| 003 | AR-CdUCM | ||
| 008 | 190430b ||||| |||| 00| 0 spa d | ||
| 040 |
_aMUNICIPALIDAD PROVINCIAL DEL CUSCO _cBIBLIOTECA MUNICIPAL DEL CUSCO |
||
| 082 |
_a372.35 / _bS14 |
||
| 100 |
_aSáez, Antonia _935003 |
||
| 245 |
_aLa lectura, arte del lenguaje : _bPrimer premio del instituto de literatura de Puerto Rico, año de 1948 / |
||
| 260 |
_aRio Piedras : _bUniversidad de Puerto Rico, _c1961. |
||
| 300 |
_a401 páginas ; _c24 cm. |
||
| 505 | _aContenido : Necesidad e importancia de la lectura -- El proceso de la lectura -- La enseñanza de la lectura -- La lectura en los grados primarios: Aprestamiento ... | ||
| 650 |
_aLectura _92069 |
||
| 650 |
_aLenguaje _95227 |
||
| 650 |
_aComunicación _94985 |
||
| 942 |
_2ddc _cLIBROS |
||
| 945 |
_arah _d30/04/2019 |
||